| 000 | 00499nam a2200181Ia 4500 | ||
|---|---|---|---|
| 005 | 20250326143521.0 | ||
| 008 | 250326s9999 xx 000 0 und d | ||
| 037 | _aTextbook | ||
| 040 |
_aFMSL _beng _cFMSL |
||
| 041 |
_aeng _2eng |
||
| 084 |
_aX:89Q P2 _qFMSL |
||
| 100 |
_aAsq Food _9748128 |
||
| 245 | 0 |
_aCertified quality auditor's HACCP handbook _cAsq Food |
|
| 260 |
_aWisconsin _bWisconsin, ASQ _c2002 |
||
| 300 | _a250p | ||
| 942 |
_cTB _hX:89Q P2 |
||
| 999 |
_c1299914 _d1299914 |
||